Rain / (Record no. 5437)

MARC details
000 -LEADER
fixed length control field 00957nam a22003017a 4500
001 - CONTROL NUMBER
control field 5437
003 - CONTROL NUMBER IDENTIFIER
control field FISKH
005 - DATE AND TIME OF LATEST TRANSACTION
control field 20250124104108.0
008 - FIXED-LENGTH DATA ELEMENTS--GENERAL INFORMATION
fixed length control field 241206b cb ||||| |||| 00| 0 eng d
020 ## - INTERNATIONAL STANDARD BOOK NUMBER
International Standard Book Number 9780439711210
040 ## - CATALOGING SOURCE
Original cataloging agency FISKH
Language of cataloging eng
Transcribing agency FISKH
Modifying agency FISKH
050 ## - LIBRARY OF CONGRESS CALL NUMBER
Classification number QC924.B38
082 ## - DEWEY DECIMAL CLASSIFICATION NUMBER
Classification number 551.577
100 ## - MAIN ENTRY--PERSONAL NAME
Personal name Bauer, Dane Marion
Dates associated with a name (1938-)
245 ## - TITLE STATEMENT
Title Rain /
Statement of responsibility, etc. written by Marion Dane Bauer Illustrated by John Wallace
250 ## - EDITION STATEMENT
Edition statement First printing in 2005
260 ## - PUBLICATION, DISTRIBUTION, ETC.
Place of publication, distribution, etc. New York :
Name of publisher, distributor, etc. Scholastic,
Date of publication, distribution, etc. 2005.
300 ## - PHYSICAL DESCRIPTION
Extent 32 pages :
Other physical details color illustrations ;
Dimensions 23 cm
505 ## - FORMATTED CONTENTS NOTE
Formatted contents note J<br/>
520 ## - SUMMARY, ETC.
Summary, etc. Illustrations and simple text explain what rain is, how it is used by plants, birds, and people, and the importance of clean water.<br/>
521 8# - TARGET AUDIENCE NOTE
Target audience note 430<br/>
Source Lexile<br/>
521 8# - TARGET AUDIENCE NOTE
Target audience note J<br/>
Source Raz-Plus<br/>
650 ## - SUBJECT ADDED ENTRY--TOPICAL TERM
Source of heading or term Non-fiction
Topical term or geographic name entry element Water cycle
650 ## - SUBJECT ADDED ENTRY--TOPICAL TERM
Source of heading or term Weather
Topical term or geographic name entry element Spring
700 ## - ADDED ENTRY--PERSONAL NAME
Personal name Wallac, John
Dates associated with a name illustrator
942 ## - ADDED ENTRY ELEMENTS (KOHA)
Source of classification or shelving scheme Dewey Decimal Classification
Koha item type Books
Suppress in OPAC No
Holdings
Withdrawn status Lost status Source of classification or shelving scheme Damaged status Not for loan Collection Home library Current library Shelving location Date acquired Total Checkouts Full call number Barcode Date last seen Copy number Price effective from Koha item type Date last checked out
    Dewey Decimal Classification     Non-Fiction Footprints International School Library Network Toul Kork Campus Footprints International School Library Network Toul Kork Campus TK Primary Library Room(4th Floor), Bookcase 1&2, Shelves 1-16, Dark Blue Books 12/06/2024   BAU 551.577 QC924.B38 2024-2413 12/06/2024 1 12/06/2024 Books  
    Dewey Decimal Classification     Non-Fiction Footprints International School Library Network Toul Kork Campus Footprints International School Library Network Toul Kork Campus TK Primary Library Room(4th Floor), Bookcase 1&2, Shelves 1-16, Dark Blue Books 01/15/2025 2 BAU 551.577 QC924.B38 FISBK02935 04/09/2026 2 01/15/2025 Books 04/02/2026
    Dewey Decimal Classification     Non-Fiction Footprints International School Library Network Toul Kork Campus Footprints International School Library Network Toul Kork Campus TK Primary Library Room(4th Floor), Bookcase 1&2, Shelves 1-16, Dark Blue Books 01/24/2025 1 BAU 551.577 QC924.B38 2025-0090 09/04/2025 3 01/24/2025 Books 08/21/2025